Loading...
| History - American History | 0 | 7 | 1 | 1 | 65 | 93 | 118.71 | 5 | 7 |
| History - European History | 1 | 3 | 1 | 1 | 40 | 67 | 101.50 | 3 | 4 |
| Social Science | 0 | 4 | 0 | 0 | 40 | 76 | 104.50 | 2 | 4 |
| Literature - British Literature | 1 | 2 | 0 | 1 | 35 | 28 | 92.00 | 1 | 3 |
| Other Academic | 0 | 3 | 0 | 0 | 30 | 89 | 99.33 | 1 | 3 |
| Geography | 0 | 3 | 0 | 1 | 30 | 120 | 131.33 | 2 | 3 |
| History - Ancient History | 1 | 2 | 1 | 0 | 30 | 70 | 86.67 | 2 | 3 |
| Philosophy | 1 | 1 | 0 | 0 | 25 | 68 | 81.00 | 2 | 2 |
| Literature - European Literature | 0 | 2 | 0 | 1 | 20 | 150 | 153.50 | 0 | 2 |
| Mythology | 0 | 1 | 0 | 0 | 10 | 97 | 97.00 | 1 | 1 |
| Literature - World Literature | 0 | 1 | 0 | 0 | 10 | 149 | 149.00 | 1 | 1 |
| Fine Arts - Auditory Fine Arts | 0 | 1 | 0 | 0 | 10 | 138 | 138.00 | 0 | 1 |
| Religion | 0 | 0 | 1 | 0 | -5 | 0.00 | 0 | 0 | |
| History - World History | 0 | 1 | 3 | 0 | -5 | 93 | 93.00 | 1 | 1 |